The presentation secrets of Steve Jobs : (Record no. 35268)

MARC details
000 -LEADER
fixed length control field 01180nam a22002897a 4500
005 - DATE AND TIME OF LATEST TRANSACTION
control field 20100415104811.0
008 - FIXED-LENGTH DATA ELEMENTS--GENERAL INFORMATION
fixed length control field 100415t xxu||||| |||| 00| 0 eng d
010 ## - LCCN (DPL NO)
LC control number ENG-96039
020 ## - INTERNATIONAL STANDARD BOOK NUMBER
International Standard Book Number 9780070683617
Terms of availability 325.00
020 ## - INTERNATIONAL STANDARD BOOK NUMBER
International Standard Book Number 0070683611
Terms of availability 325.00
035 ## - SYSTEM CONTROL NUMBER
System control number EN-79572
037 ## - SOURCE OF ACQUISITION
Source of stock number/acquisition DBAD/PUB
040 ## - CATALOGING SOURCE
Original cataloging agency DPL
082 ## - DEWEY DECIMAL CLASSIFICATION NUMBER
Classification number 658.452
Edition number 22
100 ## - MAIN ENTRY--PERSONAL NAME
Personal name Gallo, Carmine.
245 ## - TITLE STATEMENT
Title The presentation secrets of Steve Jobs :
Remainder of title how to be insanely great in front of any audience /
Statement of responsibility, etc Carmine Gallo.
260 ## - PUBLICATION, DISTRIBUTION, ETC. (IMPRINT)
Place of publication, distribution, etc New Delhi
Name of publisher, distributor, etc Tata McGraw-Hill Education
Date of publication, distribution, etc 2010.
270 ## - ADDRESS
Address 7, West Patel Nagar
City New Delhi
Postal code 110008
300 ## - PHYSICAL DESCRIPTION
Extent xvii, 238 p. :
Other physical details ill. ;
Dimensions 22 cm.(pbk)
500 ## - GENERAL NOTE
General note Includes bibliographical references and index.
600 ## - SUBJECT ADDED ENTRY--PERSONAL NAME
Personal name Jobs, Steven,
Dates associated with a name 1955-
650 ## - SUBJECT ADDED ENTRY--TOPICAL TERM
Topical term or geographic name as entry element Business presentations.
650 ## - SUBJECT ADDED ENTRY--TOPICAL TERM
Topical term or geographic name as entry element Business communication.
942 ## - ADDED ENTRY ELEMENTS (KOHA)
Source of classification or shelving scheme Dewey Decimal Classification
Item type English Books
Classification part 658.452
Call number suffix GAL
Holdings
Withdrawn status Lost status Source of classification or shelving scheme Materials specified (bound volume or other part) Damaged status Not for loan Collection code Home library Current library Date acquired Cost, normal purchase price Total Checkouts Full call number Barcode Date last seen Copy number Cost, replacement price Koha item type
    Dewey Decimal Classification Pbk   Not For Loan Non-fiction D.B.Act.Division D.B.Act.Division 15/03/2010 325.00   658.452- GAL EN-79572 15/04/2010 1 325.00 English Books

© Delhi Public Library
Hit Counter
free hit counter